000 00585nam a2200229Ia 4500
003 OSt
005 20221005120729.0
006 a|||||r|||| 00| 0
007 ta
008 221004b |||||||| |||| 00| 0 eng d
024 _a52098
037 _cTextual
040 _aCRL
_cCRL
_beng
041 _2eng
_aeng
082 _aR3xM13:9, H9
100 _aRead Herbert
245 0 _aExistentialism, marxism and anarchism
_b Chains of freedom
260 _c1949
650 _aPHILOSOPHY
942 _hR3xM13:9, H9
_cTEXL
_2cc
999 _c1038970
_d1038970